|
|
|
|
| LEADER |
00000nab a2200000 4500 |
| 001 |
vtls011766477 |
| 003 |
SK-MaSNL |
| 005 |
20260305035340.0 |
| 008 |
180712|20180711xo w||| || ||00 0|slo |
| 040 |
|
|
|e rda
|
| 041 |
|
|
|a slo
|
| 044 |
|
|
|a xo
|c SK
|
| 072 |
|
7 |
|a 502
|x Životné prostredie a jeho ochrana
|2 konspekt
|
| 080 |
|
|
|a 502.21(1-751.4)
|2 2011
|
| 100 |
1 |
|
|a Dercová, Elena
|4 aut
|9 393067
|
| 245 |
1 |
0 |
|a Spoznávame okres Vranov za rohom
|b Prírodná pamiatka Žipovské mŕtve rameno
|c Elena Dercová
|
| 300 |
|
|
|b Fotografie
|
| 336 |
|
|
|a text
|b txt
|2 rdacontent
|
| 337 |
|
|
|a bez média
|b n
|2 rdamedia
|
| 338 |
|
|
|a zväzok
|b nc
|2 rdacarrier
|
| 650 |
0 |
7 |
|a prírodné pamiatky
|2 vthk
|9 3807
|
| 651 |
|
7 |
|a Vyšný Žipov (Slovensko)
|2 vthk
|9 55593
|
| 773 |
0 |
|
|t Vranovské novinky
|g Roč.22, č.28-29 (2018), s.4
|x 1338-1040
|
| 999 |
|
|
|c 3333445
|d 3335375
|